[Event "FIDE Chesscom Grand Swiss 2021"]
[Site "Riga"]
[Date "2021.10.29"]
[Round "3.53"]
[White "Ivic, Velimir"]
[Black "Budisavljevic, Luka"]
[Result "1/2-1/2"]
[WhiteElo "2606"]
[BlackElo "2508"]
[Annotator "TA"]
[PlyCount "196"]
[EventDate "2021.10.27"]
[EventType "swiss"]
[EventCountry "LAT"]
[Tiebreak "Cut1 Buchholz+Sonneborn-Berger (Swiss)"]
[SourceTitle "playchess.com"]
[Source "ChessBase"]
[SourceQuality "1"]

{[%evp 17,196,23,33,29,16,16,16,12,12,0,28,22,24,-3,-9,-27,-45,-44,-5,-33,-28,
-110,0,-25,-3,-64,-17,-68,-26,-27,-30,-75,-85,-72,-83,-145,-155,-147,-141,-154,
-143,-143,-141,-150,-148,-136,-72,-75,-21,-112,-104,-115,-101,-150,-102,-243,
-265,-250,-251,-251,-244,-304,-277,-266,-261,-233,-216,-204,-201,-220,-233,
-241,-244,-237,-203,-207,-207,-233,-234,-260,-235,-256,-242,-234,-228,-219,
-218,-200,-190,-187,-189,-189,-125,-132,-132,-132,-128,-127,0,-106,0,-108,-92,
-99,-90,-95,-72,-74,-37,-43,-50,-47,-14,-8,0,-56,-8,-31,-14,-15,-27,-99,-99,
-99,-97,-93,-97,-80,-88,-166,-166,-166,-166,-166,-166,-136,-35,-35,-35,-36,-35,
-33,-29,-90,-90,-102,-97,-136,-37,-163,-22,-28,-24,-22,-22,-28,-28,-29,-8,-8,0,
0,0,0,0,0,0,0,0,0,0,0,0,0,0,0,0,0,0,0,0]} 1. e4 c5 2. Nf3 e6 3. d4 cxd4 4. Nxd4
Nc6 5. Nc3 Nf6 6. Nxc6 bxc6 7. e5 Nd5 8. Ne4 Qc7 9. f4 f5 10. exf6 $1 {B45:
Sicilian Four Knights.} gxf6 $1 {[%mdl 4] is more profitable than 10...Nxf6 at
the moment.} 11. Bd3 Qb6 {[#]} (11... Nxf4 12. O-O $16 (12. Nxf6+ Kd8 $16)) 12.
f5 $146 ({Predecessor:} 12. a3 Ba6 13. Qh5+ Kd8 14. Qe2 Bxd3 15. Qxd3 f5 16.
Ng5 Kc7 17. c4 Nf6 18. b4 {1-0 (41) Naiditsch,A (2710)-Moiseenko,A (2698)
Germany 2014}) 12... exf5 13. Nf2 Ba6 14. O-O O-O-O 15. Kh1 Rg8 16. a4 Bxd3 17.
Qxd3 Nb4 18. Qb3 (18. Qxf5 {is more complex.} Qc5 19. Qxh7 Rg7 20. Qh3 Qxc2 21.
Bf4) 18... Bd6 19. Be3 (19. Nd3 $11 {keeps the balance.}) 19... Qb8 (19... c5
$17 20. Nd3 Qc6) 20. Bd2 Nd5 21. Qd3 ({White should try} 21. Qxb8+ $11 Bxb8 22.
Nd3) 21... Rg7 (21... Qxb2 $2 22. Rab1 $18) 22. c4 {[#]} (22. Qa6+ $1 $11 Qb7
23. Qxb7+ Kxb7 24. c4) 22... Rdg8 $1 23. g3 ({Don't go for} 23. cxd5 $2 Rxg2
24. Qa6+ Kd8 $19) 23... Ne7 $36 {[%mdl 2048] Black is more active.} 24. Rad1 c5
25. Nh3 Bxg3 26. Bf4 (26. Bh6 $142 Qb7+ 27. Qf3 Qxf3+ 28. Rxf3) 26... Qb7+ $17
27. Qf3 Qxf3+ 28. Rxf3 {[%cal Rf4g3]} Bxf4 29. Nxf4 Rg4 30. b3 Nc6 31. Nd5 Rd4
({Better is} 31... Nd4 32. Rfd3 R8g7 33. Nxf6 Rg2) 32. Rdf1 Rd2 (32... Rf8 $17)
33. R3f2 (33. Rxf5 $11 {remains equal.} Rb2 34. Nxf6) 33... Rxf2 34. Rxf2 {
[%mdl 4096] Endgame KRN-KRN} Rg5 35. h4 Rg4 36. Rxf5 (36. h5 $17 {was forced.})
36... Rxh4+ $19 37. Kg2 Nd4 {[%mdl 64] Double Attack} 38. Rxf6 Nxb3 39. Nf4
Rg4+ 40. Kf3 Rg1 41. Rf8+ Kc7 42. Nd5+ Kd6 43. Ne3 Nd4+ 44. Ke4 Re1 45. Kd3 h5
46. Rh8 Rh1 47. Rh6+ Ne6 48. Rh7 Kc6 49. Nf5 Rh3+ 50. Kd2 Ng5 51. Rh6+ Kc7 52.
Nd6 Ne6 53. Ne8+ Kd8 54. Nf6 Nf4 (54... h4 $19 55. Rh7 Kc8) 55. Rh7 $17 Rd3+
56. Kc2 Rd4 57. Kb3 Rd3+ 58. Kc2 Rd4 59. Kb3 Rd6 60. Rh8+ Ke7 61. Nxh5 Ne6 (
61... Rd3+ {feels hotter.} 62. Kb2 Ng6 63. Rc8 Kd6 64. Ng7 Ne5) 62. Kc3 Ng5 {
aiming for ...Ne4+.} 63. Nf4 $1 Ne4+ 64. Kb3 Nd2+ 65. Kc3 Ne4+ (65... Rd4 {
seems wilder.} 66. Nd5+ Ke6 67. Re8+ Kf5 68. Rf8+ Kg6) 66. Kb3 $1 Kf6 67. Re8
Rd4 68. Nd5+ Kf5 {...Nd6 is the strong threat.} 69. Rf8+ {[#]} (69. Ne7+ $11
Kg5 70. Rg8+ Kf6 71. Nd5+ Ke5 72. Re8+ Kd6 73. Ne7) 69... Ke5 $1 70. Re8+ Kd6
71. Nc3 Nd2+ 72. Kc2 {Strongly threatening Nb5+.} a6 ({But not} 72... Nxc4 73.
Nb5+ Kd5 74. Nxd4 $11) 73. Rh8 (73. Ra8 $17 Nxc4 74. Rxa6+ Ke5 75. Ra7) 73...
Nxc4 $19 74. Rh6+ Kc7 75. Rxa6 Ne3+ 76. Kc1 {[#]} Rd3 (76... Kb7 $1 $17 {
[%cal Rb7a6]} 77. Rh6 Rc4) 77. Nb5+ $15 Kb7 78. Rh6 Nc4 79. Kc2 Rg3 80. Nc3 (
80. Rh7 $11) 80... Rg2+ 81. Kd3 Nb2+ 82. Ke4 Rg4+ (82... Rc2 $17 83. a5 Rxc3
84. Rb6+ Kc7 85. Rxb2 Ra3) 83. Ke5 ({White should play} 83. Kf5 $1 $15 Rb4 84.
Nd5) 83... Nd3+ ({Don't do} 83... Nxa4 84. Nxa4 Rxa4 85. Kd5 $17) (83... Nc4+
$19 84. Kf6 Nd6) 84. Kd6 $11 Rd4+ 85. Ke7 Ne5 86. Rd6 Rc4 87. Nd5 Rxa4 {
White must now prevent ...Re4.} 88. Rb6+ $1 {The position is equal.} Ka7 {
Threatens to win with ...Rd4.} 89. Rb5 Ra6 (89... Rd4 {is interesting.} 90.
Ra5+ Kb7 91. Rxc5 Ka6 92. Nc7+ Kb6) 90. Rxc5 Re6+ 91. Kd8 Rc6 92. Ra5+ Kb7 {
Hoping for ...Rc8+.} (92... Ra6 {looks sharper.} 93. Rb5 Rh6 94. Rb1 Rd6 95.
Rb5 Rh6) 93. Rb5+ Ka6 94. Nc7+ {[%mdl 64] Discovered Attack} Rxc7 $1 95. Rxe5
Kb6 96. Rd5 Kc6 97. Rd1 {White threatens Rc1+ and mate.} Ra7 {And now ...d5
would win.} 98. Rc1+ Kd5 {Weighted Error Value: White=0.19/Black=0.20} 1/2-1/2

[Event "FIDE Chesscom Grand Swiss 2021"]
[Site "Riga"]
[Date "2021.10.29"]
[Round "3.54"]
[White "Georgiev, Kiril"]
[Black "Rakotomaharo, Fy Antenaina"]
[Result "1/2-1/2"]
[WhiteElo "2577"]
[BlackElo "2484"]
[Annotator "TA"]
[PlyCount "64"]
[EventDate "2021.10.27"]
[EventType "swiss"]
[EventCountry "LAT"]
[Tiebreak "Cut1 Buchholz+Sonneborn-Berger (Swiss)"]
[SourceTitle "playchess.com"]
[Source "ChessBase"]
[SourceQuality "1"]

{[%evp 13,64,0,0,0,0,0,0,0,0,-16,-13,-33,0,-22,0,0,-10,0,0,-28,0,-72,-43,-59,
-41,-55,-45,-61,-62,-70,-44,-30,0,-101,-135,-140,-140,-157,-132,-178,-179,-204,
-198,-203,-201,-239,-224,-287,-203,-202,0,-269,0]} 1. Nf3 d5 2. d4 Nf6 3. c4 e6
4. g3 Be7 5. Bg2 O-O 6. O-O dxc4 7. Qc2 b5 8. a4 {E05: Open Catalan: 5 Nf3 Be7.
} b4 9. Ne5 Qxd4 10. Bxa8 {The position is equal.} Qxe5 11. Bf3 Ba6 12. Bf4 Qc5
13. Be3 Qa5 14. Nd2 $1 {[%cal Rd2c4]} b3 15. Qc1 ({Much weaker is} 15. Nxc4 Qb4
$17) 15... Qb4 16. Nb1 Nd5 17. Bd2 (17. Rd1 $11) 17... Qc5 18. Nc3 Nc6 19. Rd1
Rd8 20. Ne4 Qb6 21. a5 {[#]} Qb5 $146 ({Predecessor:} 21... Qb8 22. Be3 Bb5 23.
Bc5 Bxc5 24. Nxc5 a6 25. Rd2 Qa7 26. Ne4 Nd4 27. Bg2 Nc2 28. Rb1 c6 {0-1 (39)
Shankland,S (2512)-Shabalov,A (2590) Saint Louis 2011}) 22. Nc3 Qc5 23. Be3 (
23. Ne4 $11 {remains equal.} Qb5 24. Nc3) 23... Nxe3 $17 24. Qxe3 Qxe3 25. fxe3
Ne5 26. Kf2 Rb8 27. h3 Kf8 28. Be4 Bb4 29. Rd4 Ke7 30. Rdd1 Bd6 31. Bf3 Bb4 32.
Be4 $1 Bd6 $2 {Weighted Error Value: White=0.23/Black=0.20} (32... Bxc3 $19 33.
bxc3 f6) 1/2-1/2

[Event "FIDE Chesscom Grand Swiss 2021"]
[Site "Riga"]
[Date "2021.10.30"]
[Round "4.1"]
[White "Yu, Yangyi"]
[Black "Firouzja, Alireza"]
[Result "1/2-1/2"]
[WhiteElo "2704"]
[BlackElo "2770"]
[Annotator "TA"]
[PlyCount "60"]
[EventDate "2021.10.27"]
[EventType "swiss"]
[EventCountry "LAT"]
[Tiebreak "Cut1 Buchholz+Sonneborn-Berger (Swiss)"]
[SourceTitle "playchess.com"]
[Source "ChessBase"]
[SourceQuality "1"]

{[%evp 23,60,26,35,0,8,7,0,8,0,2,18,18,18,18,18,18,18,18,25,21,24,33,55,55,55,
55,56,54,63,60,67,0,0,0,0,0,0,0,0]} 1. d4 d5 2. Nf3 Nf6 3. c4 c6 4. Nc3 dxc4 5.
a4 Bf5 6. e3 e6 7. Bxc4 Bb4 8. O-O O-O 9. Qe2 Bg6 10. Ne5 Nbd7 11. Nxg6 hxg6
12. Rd1 Qa5 13. Qc2 {13.Na2 is the modern continuation. D19: Slav Defence: 5
a4 Bf5 6 e3: Main line with 9 Qe2.} c5 14. Na2 cxd4 15. Nxb4 Qxb4 16. Rxd4 Rac8
{[#] ...Qe1+ is the strong threat.} 17. Qe2 Qb6 18. a5 Qc7 {Black wants to
play ...e5.} 19. a6 e5 20. axb7 exd4 21. bxc8=Q Rxc8 22. b3 Ne5 {next ...d3 is
good for Black.} 23. exd4 Nxc4 24. bxc4 Qxc4 25. Qxc4 Rxc4 $14 {KRB-KRN} 26.
Be3 Rc7 {[#]} 27. d5 $146 ({White should try} 27. Kf1 $14) ({Predecessor:} 27.
Ra5 Rd7 28. Kf1 Nd5 29. Ke2 f6 30. Kd3 Kf7 31. h3 Ke6 32. Ra6+ Nb6 33. g4 {
1-0 (49) Kramnik,V (2799)-Sebag,M (2510) Enschede 2008}) 27... Nxd5 $11 {
The position is equal.} 28. Bxa7 g5 29. h3 f6 30. g3 Kf7 {Weighted Error Value:
White=0.06/Black=0.05} 1/2-1/2

[Event "FIDE Chesscom Grand Swiss 2021"]
[Site "Riga"]
[Date "2021.10.30"]
[Round "4.2"]
[White "Nihal Sarin"]
[Black "Ponkratov, Pavel"]
[Result "1/2-1/2"]
[WhiteElo "2652"]
[BlackElo "2659"]
[Annotator "TA"]
[PlyCount "38"]
[EventDate "2021.10.27"]
[EventType "swiss"]
[EventCountry "LAT"]
[Tiebreak "Cut1 Buchholz+Sonneborn-Berger (Swiss)"]
[SourceTitle "playchess.com"]
[Source "ChessBase"]
[SourceQuality "1"]

{[%evp 20,38,4,-3,47,36,344,44,46,0,0,0,0,0,0,0,0,0,0,0,0]} 1. d4 d5 2. c4 c6
3. Nf3 Nf6 4. Nc3 e6 5. e3 Nbd7 6. Be2 Bd6 7. O-O O-O 8. b3 Ne4 9. Nxe4 dxe4
10. Nd2 f5 11. Bb2 Bxh2+ {D45: Semi-Slav: 5 e3.} 12. Kxh2 Qh4+ 13. Kg1 Rf6 $1 {
White is slightly better.} 14. f3 (14. g3 $5 {[%cal Rg3h4]} Qh3 15. Re1 $14)
14... Rh6 {[#] The position is equal.} 15. Qe1 $146 ({Predecessor:} 15. fxe4
Qh2+ 16. Kf2 Qh4+ {1/2-1/2 (16) Beim,V (2555)-Al Sayed,M (2405) Oberwart 2002})
15... Qh2+ 16. Kf2 Qh4+ 17. Kg1 {[#] And now Qxh4 would win.} Qh2+ 18. Kf2 {
Rh1 is the strong threat.} Qh4+ 19. Kg1 {Black must now prevent Qxh4.} Qh2+ {
Weighted Error Value: White=0.14/Black=0.07} 1/2-1/2

[Event "FIDE Chesscom Grand Swiss 2021"]
[Site "Riga"]
[Date "2021.10.30"]
[Round "4.3"]
[White "Najer, Evgeniy"]
[Black "Saric, Ivan"]
[Result "1/2-1/2"]
[WhiteElo "2654"]
[BlackElo "2644"]
[Annotator "TA"]
[PlyCount "121"]
[EventDate "2021.10.27"]
[EventType "swiss"]
[EventCountry "LAT"]
[Tiebreak "Cut1 Buchholz+Sonneborn-Berger (Swiss)"]
[SourceTitle "playchess.com"]
[Source "ChessBase"]
[SourceQuality "1"]

{[%evp 21,121,8,18,0,0,-18,0,0,0,0,0,-1,0,-2,23,25,39,19,0,8,109,60,64,26,40,
33,31,25,28,28,30,35,29,37,34,22,56,43,56,0,0,0,14,0,7,0,0,12,18,0,54,53,39,35,
61,0,0,0,0,0,33,41,44,36,33,26,43,40,61,33,206,206,206,198,198,198,523,522,519,
516,516,516,494,8,118,0,494,490,462,256,214,94,85,0,45,0,0,0,0,0,0,0]} 1. e4 c5
2. Nf3 d6 3. d4 cxd4 4. Nxd4 Nf6 5. Nc3 a6 6. Be2 e5 7. Nb3 Be7 8. Be3 Be6 9.
Nd5 Nbd7 10. Qd3 Bxd5 11. exd5 Rc8 12. O-O-O {B92: Sicilian Najdorf: 6 Be2.}
Nb6 13. Kb1 O-O 14. Bf3 Nc4 15. Bc1 {[#]} Qd7 $146 ({Predecessor:} 15... Nd7
16. Be4 g6 17. g4 Bh4 18. Rdg1 Nf6 19. f3 b5 20. Rg2 a5 21. Nd2 Bg5 {1/2-1/2 
(31) Lobanov,S (2435)-Sarana,A (2543) Tarvisio 2017}) 16. h3 Qa4 17. Rhe1 Bd8
18. g4 Re8 19. Be4 g6 20. f3 Nd7 (20... Qd7 $11 {keeps the balance.}) 21. h4
Bxh4 22. Rg1 (22. Rh1 $5 {[%cal Rh1h4]} Bd8 23. Rh2 $11) 22... Bf6 23. Rh1 {
[%mdl 1024] White has compensation.} Bg7 24. Rh3 Nf8 25. Rdh1 Qb5 26. Nd2 Nb6
27. Qxb5 axb5 28. Nf1 Red8 29. Bg5 Rd7 30. b3 (30. Ng3 $14) 30... Rdc7 $11 31.
Bd2 Nbd7 32. Bd3 e4 33. fxe4 Nc5 34. Ba5 Re7 35. Nd2 ({Much worse is} 35. Bxb5
Nxe4 36. Re3 Bd4 $15) 35... Nxd3 ({Better is} 35... h6 $11) 36. cxd3 $14 Nd7
37. Bb4 Nc5 $1 38. Rxh7 (38. Ba3 $1 $14) 38... Nxd3 $11 39. Bxd6 Rd7 40. Bg3 b6
41. g5 Rc3 42. Nf3 {And now Ne5 would win.} Rd8 $1 {[%cal Rd8c8] [#] White
should prevent ...Rdc8.} 43. Ne5 $1 Re8 ({Avoid the trap} 43... Bxe5 $2 44.
Bxe5 Rc1+ 45. Rxc1 $18) (43... Nc5 44. Nxf7) 44. Nc6 $36 {[%mdl 2048] Black is
under pressure.} Rxe4 45. Bd6 {aiming for Ne7+.} Nf2 $2 {[#]} ({Black should
try} 45... f5 $1 $14) 46. Ne7+ $1 $18 Rxe7 47. Bxe7 {Threatening mate with
Rxg7+!} Nxh1 48. Rxh1 {[%mdl 4096] Endgame Black must now prevent d6. KRB-KRB}
Rc7 $2 (48... Rd3) 49. d6 Rd7 50. Rc1 Be5 51. Rc8+ Kg7 52. Bf8+ $2 (52. Kc2 $18
{Threatens to win with Rc6.} b4 53. Kd3 Rxd6+ 54. Bxd6 Bxd6 55. Rc6) 52... Kh7
(52... Kg8 $11) 53. Be7 $2 {[%mdl 8192]} (53. Rc1 $16) 53... Kg7 $1 ({Weaker is
} 53... Bxd6 54. Bf6 Bf8 55. Rxf8 Rd1+ 56. Kc2 Rc1+ 57. Kxc1 b4 58. Rh8#) 54.
Kc2 f5 55. gxf6+ (55. Bf6+ $142 Bxf6 56. Rc7 Bxg5 57. Rxd7+ Kf6 58. Rb7) 55...
Kf7 56. Rc6 (56. Rf8+ $18 {is the precise move to win.} Ke6 57. Rg8) 56... Ra7
$16 {[#]} 57. Rc8 (57. Kb1 $1 $16) 57... Ke6 58. Rg8 {Strongly threatening Kb1.
} (58. d7 $5 Rxd7 59. Rc6+ Kf7 60. Rxb6 $14) 58... Rxa2+ {The position is
equal.} 59. Kd3 {Hoping for d7.} Rf2 60. Ke3 Rf1 61. Rxg6 {Weighted Error
Value: White=0.35/Black=0.23} 1/2-1/2

[Event "FIDE Chesscom Grand Swiss 2021"]
[Site "Riga"]
[Date "2021.10.30"]
[Round "4.4"]
[White "Aronian, Levon"]
[Black "Hovhannisyan, Robert"]
[Result "1/2-1/2"]
[WhiteElo "2782"]
[BlackElo "2622"]
[Annotator "TA"]
[PlyCount "158"]
[EventDate "2021.10.27"]
[EventType "swiss"]
[EventCountry "LAT"]
[Tiebreak "Cut1 Buchholz+Sonneborn-Berger (Swiss)"]
[SourceTitle "playchess.com"]
[Source "ChessBase"]
[SourceQuality "1"]

{[%evp 11,158,21,21,29,26,15,21,0,0,0,0,0,0,17,35,29,41,15,31,22,21,27,29,0,0,
7,62,37,35,44,30,41,44,33,39,39,38,29,33,25,35,32,34,33,38,31,26,37,35,14,14,
14,14,14,14,14,14,14,14,13,13,12,14,8,9,6,8,8,8,6,6,5,9,6,7,6,8,8,8,7,7,7,8,7,
7,7,7,7,7,7,30,30,30,30,37,37,37,37,37,37,37,37,37,37,37,37,37,37,37,37,37,37,
37,37,37,37,37,37,37,37,37,37,37,37,37,37,37,37,37,37,37,11,25,27,27,27,28,0,0,
0,0,0,0,0,0,0,0,0,0]} 1. d4 {Krasenkow,M} d5 2. Bf4 c5 3. e3 Nc6 4. Nf3 Nf6 5.
Nbd2 Bg4 6. c3 e6 7. Qb3 {D02: 1 d4 d5 2 Nf3 sidelines, including 2...Nf6 3 g3
and 2...Nf6 3 Bf4.} Qc8 8. h3 Bh5 9. Be2 $1 {[%mdl 4] is recently more
successful than 9.g4.} Be7 10. g4 Bg6 11. Nh4 Be4 12. f3 Bg6 {[#]} 13. Nxg6
$146 ({Predecessor:} 13. Bg3 a6 14. Kf2 b5 15. Qd1 Qd8 16. a4 b4 17. a5 c4 18.
Nxg6 hxg6 19. h4 {1/2-1/2 (68) Naiditsch,A (2702)-Meier,G (2621) Karlsruhe/
Baden-Baden 2017 CBM 178 [Krasenkow,M]}) 13... hxg6 14. h4 Qd7 15. dxc5 Bxc5
16. O-O-O O-O-O 17. Ne4 Nxe4 18. fxe4 Bd6 ({Black should play} 18... Qe7 $11)
19. Bxd6 Qxd6 20. exd5 exd5 21. Bf3 {[%cal Rf3d5]} Qc5 22. Kb1 ({Weaker is} 22.
Bxd5 Na5 $17) 22... Na5 23. Qb4 Qxb4 24. cxb4 Nc4 25. Bxd5 Nxe3 26. Rc1+ Kb8
27. Bxf7 Nxg4 28. Bxg6 Ne5 29. Bc2 Rd4 30. h5 Rxb4 31. Rcg1 Rg4 32. Bd1 Rxg1
33. Rxg1 $11 {[%mdl 4096] Endgame KRB-KRN} Rd8 34. Bc2 Rd7 35. a3 Re7 36. Ka2
Nd7 37. Rf1 Kc7 38. Rf4 Ne5 39. Kb3 Nd7 40. Rf3 Kd6 41. Rg3 Nf6 42. Rg6 Ke5 43.
a4 Rc7 44. Rg5+ Kd6 45. Bd3 Rc5 46. Rxg7 {aiming for h6.} Rxh5 47. Rxb7 Nd7 $1
{[%cal Rd7c5] Hoping for ...Nc5+.} 48. Ka2 Nc5 {[%mdl 64] [#] Double Attack}
49. Rb5 a6 50. Ra5 Kc6 51. Bf1 {Threatens to win with b4.} Rf5 52. Be2 {
[#] b4 is the strong threat.} Kb6 53. b4 Rf2 54. Rxc5 Rxe2+ $14 {KR-KR} 55. Kb3
Rh2 56. Rd5 Rh7 57. Rd6+ Kb7 58. Kc4 Rh4+ 59. Kc5 Rh5+ 60. Rd5 Rh7 61. Re5 Rc7+
62. Kd4 Rd7+ 63. Rd5 Rh7 64. a5 Rg7 65. Rd6 Rh7 66. Rb6+ Ka7 67. Re6 Kb7 68.
Kd5 Rd7+ 69. Ke5 (69. Kc4 {keeps more tension.} Rc7+ 70. Kb3 Rh7 71. Rb6+ Ka7
72. Rd6) 69... Rd1 70. Rb6+ Ka7 71. Rd6 (71. Rg6 {with more complications.} Rb1
72. Rg4 Rb3 73. Rd4 Ka8 74. Kd5) 71... Re1+ 72. Kd5 Rd1+ 73. Ke6 $1 Re1+ 74.
Kd7 Re4 {The position is equal.} 75. Rc6 (75. Rb6 {feels hotter.} Rg4 76. Ke7
Rh4 77. Kd6 Rh6+ 78. Kc5) 75... Rxb4 76. Rc7+ Kb8 77. Rc8+ Kb7 78. Rc7+ Kb8 {
( -> ...Rd4+)} 79. Rc8+ Kb7 {Weighted Error Value: White=0.03/Black=0.03}
1/2-1/2

[Event "FIDE Chesscom Grand Swiss 2021"]
[Site "Riga"]
[Date "2021.10.30"]
[Round "4.5"]
[White "Swiercz, Dariusz"]
[Black "Caruana, Fabiano"]
[Result "1/2-1/2"]
[WhiteElo "2647"]
[BlackElo "2800"]
[Annotator "TA"]
[PlyCount "85"]
[EventDate "2021.10.27"]
[EventType "swiss"]
[EventCountry "LAT"]
[Tiebreak "Cut1 Buchholz+Sonneborn-Berger (Swiss)"]
[SourceTitle "playchess.com"]
[Source "ChessBase"]
[SourceQuality "1"]

{[%evp 22,85,21,15,21,22,13,13,13,12,12,12,20,18,14,16,14,12,17,15,26,19,21,22,
33,26,47,19,18,16,18,0,0,0,0,0,0,0,0,0,0,0,0,0,0,0,0,0,0,0,0,0,0,0,0,0,0,0,0,0,
0,0,0,0,0,0]} 1. d4 Nf6 2. c4 e6 3. Nf3 d5 4. Nc3 Bb4 5. Bg5 h6 6. Bxf6 Qxf6 7.
e3 O-O 8. Qb3 c5 9. cxd5 exd5 10. dxc5 Bxc3+ 11. Qxc3 Qxc3+ 12. bxc3 Nd7 {
D38: Queen's Gambit Declined: Ragozin Defence (4 Nf3 Bb4).} 13. Rd1 Nf6 $1 {
[%mdl 4] is currently scoring better than 13...Nxc5.} 14. Nd4 Bd7 15. f3 Rfc8
16. Nb3 Ba4 17. Rd4 Bxb3 18. axb3 Rxc5 19. Kd2 {[#]} Rac8 $146 ({Predecessor:} 
19... Ra5 20. Bd3 Nd7 21. Kc1 Rc5 22. Kb2 Re8 23. Re1 Ne5 24. b4 Nxd3+ 25. Rxd3
Rb5 {1-0 (43) Carlsen,M (2863)-Ding,L (2791) chess24.com INT 2020}) 20. Bd3 a5
({Don't play} 20... Rxc3 $6 {[#]} 21. Bc4 $1 $16) 21. Rc1 Kf8 22. g4 Ke7 23. h4
g6 24. b4 axb4 {The position is equal.} 25. Rxb4 R8c7 26. Rcb1 Rxc3 27. Rxb7 h5
28. g5 (28. R1b4 {is interesting.} hxg4 29. fxg4 Ke6 30. R7b6+ R7c6 31. g5)
28... Nd7 {[#] Threatens to win with ...Rxd3+!} 29. Rxc7 (29. R7b5 {keeps more
tension.} Ne5 30. Be2 Rc2+ 31. Kd1 Kd6 32. Rb6+) 29... Rxc7 $11 {[%mdl 4096]
Endgame KRB-KRN} 30. f4 Ra7 31. Bc2 Kd6 32. e4 dxe4 33. Bxe4 Ra4 34. Ke3 Ra3+
35. Kd4 Rh3 36. Rh1 Rg3 37. Rd1 Nf8 38. f5 Rh3 39. Ra1 gxf5 40. Ra6+ Ke7 41.
Ra7+ Kd6 42. Ra6+ Ke7 43. Ra7+ {Weighted Error Value: White=0.02/Black=0.02}
1/2-1/2

[Event "FIDE Chesscom Grand Swiss 2021"]
[Site "Riga"]
[Date "2021.10.30"]
[Round "4.6"]
[White "Vachier-Lagrave, Maxime"]
[Black "Demchenko, Anton"]
[Result "1-0"]
[WhiteElo "2763"]
[BlackElo "2651"]
[Annotator "TA"]
[PlyCount "55"]
[EventDate "2021.10.27"]
[EventType "swiss"]
[EventCountry "LAT"]
[Tiebreak "Cut1 Buchholz+Sonneborn-Berger (Swiss)"]
[SourceTitle "playchess.com"]
[Source "ChessBase"]
[SourceQuality "1"]

{[%evp 9,55,25,30,30,37,37,44,30,37,10,23,12,31,13,13,8,21,24,8,13,16,0,39,7,
26,28,0,-9,0,0,111,111,255,261,314,330,319,325,408,412,1145,1145,1123,1029,
1058,1024,1556,1470]} 1. e4 e5 2. Nf3 Nc6 3. Bb5 g6 4. c3 Bg7 5. d4 exd4 6.
cxd4 {C60: Ruy Lopez: Unusual Black 3rd moves and 3...g6.} a6 7. Ba4 b5 8. Bc2
{White is slightly better.} d6 9. h3 Nf6 10. O-O Bb7 11. a3 O-O 12. Re1 {[#]}
Re8 $146 ({Predecessor:} 12... Na5 13. Nc3 Re8 14. d5 Nc4 15. Rb1 c5 16. dxc6
Bxc6 17. b3 Ne5 18. Nd4 Bb7 {0-1 (31) Valantiejus,V (2048)-Klabis,R (2333)
Lithuania 2019}) 13. Bg5 h6 14. Bh4 Ne7 15. Nc3 Nh5 16. e5 Qd7 17. d5 (17. e6
$5 fxe6 18. Bxe7 Rxe7 19. Nh4 $11) 17... Nf4 {[%cal Re7d5]} 18. e6 fxe6 19.
dxe6 Qc6 {[#]} (19... Nxe6 $11 20. Bxe7 Bxc3 21. bxc3 Rxe7) 20. Re4 $1 $16 {
[%cal Re4f4]} Ned5 {A mistake that costs the game.} (20... Nfd5 $16) 21. Nxd5
$18 Nxd5 22. Rg4 Rxe6 23. Bb3 Bxb2 24. Rb1 ({Weaker is} 24. Nd4 Bxd4 25. Rxd4
Nc3 $11) 24... Bxa3 (24... Bc3 $142 25. Rc1 Rae8) 25. Nd4 {[%mdl 64] Double
Attack. White is clearly winning.} Qe8 26. Nxe6 Qxe6 27. Qd2 h5 {[#]} 28. Re1
$1 {[%mdl 512] Weighted Error Value: White=0.05/Black=0.30} 1-0

[Event "FIDE Chesscom Grand Swiss 2021"]
[Site "Riga"]
[Date "2021.10.30"]
[Round "4.7"]
[White "Dubov, Daniil"]
[Black "Donchenko, Alexander"]
[Result "1/2-1/2"]
[WhiteElo "2714"]
[BlackElo "2648"]
[Annotator "TA"]
[PlyCount "93"]
[EventDate "2021.10.27"]
[EventType "swiss"]
[EventCountry "LAT"]
[Tiebreak "Cut1 Buchholz+Sonneborn-Berger (Swiss)"]
[SourceTitle "playchess.com"]
[Source "ChessBase"]
[SourceQuality "1"]

{[%evp 18,93,15,8,14,20,25,5,4,13,43,45,31,30,51,23,21,29,27,15,18,10,20,9,29,
28,23,21,25,16,16,16,14,16,17,15,27,9,10,13,14,14,16,20,20,20,31,35,30,31,31,
31,54,0,0,0,0,-68,-59,-56,-27,-79,-79,-77,-76,-90,-81,-87,-74,-75,-17,-21,-17,
-22,-14,-8,0,-106]} 1. d4 Nf6 2. c4 e6 3. Nf3 d5 4. Nc3 Bb4 5. Bg5 h6 6. Bxf6
Qxf6 7. e3 O-O 8. Rc1 dxc4 9. Bxc4 c5 10. O-O {Black should prevent Ne4.} cxd4
{D38: Queen's Gambit Declined: Ragozin Defence (4 Nf3 Bb4).} 11. Ne4 Qe7 12. a3
Ba5 13. Qxd4 Nc6 14. Qc5 Qxc5 15. Nxc5 {[#]} Bb6 $146 ({Predecessor:} 15... Rd8
16. Rfd1 Rxd1+ 17. Rxd1 Bb6 18. Ne4 a6 19. Bb3 Bc7 20. Rc1 Bd7 21. Nc5 Be8 22.
Nxb7 {1-0 (62) Melkumyan,H (2633)-Nguyen,N (2629) Doha 2016}) 16. Bd3 (16. Na4
{looks sharper.} Bd8 17. Bb5 Ne7 18. Rfd1 a6 19. Be2) 16... Bxc5 17. Rxc5 Bd7
18. Rfc1 Rfc8 19. Be4 Rab8 20. h4 Kf8 21. Bxc6 Rxc6 22. Ne5 Rd6 23. Rc7 Ke7 24.
h5 Rd5 25. f4 f6 26. e4 Rd4 27. Nf3 Rd3 28. Kf2 Kd8 29. g4 Rc8 30. Rxc8+ Bxc8
$11 {[%mdl 4096] Endgame KRB-KRN} 31. e5 Bd7 32. exf6 gxf6 33. g5 Bc6 {[#]} 34.
Rc3 $1 Rd5 {[%cal Rf6g5]} (34... Rxc3 35. bxc3) 35. Kg3 ({Reject} 35. gxh6 Rxh5
36. Nd4 Bd5 $15) ({White should try} 35. gxf6 $14 Rf5 36. Ne5) 35... fxg5 36.
fxg5 Rf5 37. gxh6 ({White should play} 37. g6 $11 Ke7 38. Kg4) 37... Rxh5 $15
38. Nd4 Bd7 39. Nf3 (39. Rb3 $11 {remains equal.}) 39... Rxh6 $17 40. Ne5 {
[#] Hoping for Nf7+.} Be8 41. Kf4 Rh2 42. b4 Re2 43. Re3 Rc2 (43... Rxe3 $17
44. Kxe3 Bc6) 44. Nf3 $11 {The position is equal.} Rf2 {...Bc6 is the strong
threat.} 45. Ke5 $1 Ke7 46. Nd4 Bd7 47. Ke4 {Weighted Error Value: White=0.10/
Black=0.08} (47. Rg3 $11 {keeps the balance.}) 1/2-1/2